| 000 | 00497nam a22002057a 4500 | ||
|---|---|---|---|
| 003 | OSt | ||
| 005 | 20180116183024.0 | ||
| 008 | 151202b xxu||||| |||| 00| 0 eng d | ||
| 040 | _c0 | ||
| 050 | _a813.54 | ||
| 082 | _a813.54 | ||
| 100 | _aL'amour,Louis. | ||
| 245 |
_aThe Mountain Valley War. _cLouis L'amour. |
||
| 260 |
_aCanada _bA Bantam Book. _c1978. |
||
| 300 | _a197p. | ||
| 500 | _aPaper Cover | ||
| 600 | _aL'amour,Louis. | ||
| 700 | _aL'amour,Louis. | ||
| 942 |
_2ddc _cBK _m813.54 |
||
| 999 |
_c350728 _d350728 |
||